Statistics for Taylor Swift songs by parts

Click here to take the quiz!

General Stats

  • This quiz has been taken 87 times
  • The average score is 9 of 15

Answer Stats

HintAnswer% Correct
"Cause us traitors never win"Getaway Car
91%
"If you live like that,
you live with ghosts"
Bad Blood
87%
"Someday, when you leve me
I bet these memories
Follow you around"
Wildest Dreams
87%
"Good thing my daddy
made me get a
boating license when
I was fifteen"
No body, no crime
72%
"Now I've read all of
the books beside your
bed"
Paper Rings
72%
"Carnation you had
thought were roses,
that's us"
Maroon
65%
"But there were strangers watchin'
And whispers turned to talkin'
And talkin' turned to screams"
Wonderland
64%
"Quiet my fears with
the touch of your hand"
Death by a Thousand Cuts
61%
"Just grab my hand
and don't ever drop it
My love"
I know places
56%
"That was the night I
nearly lost you"
The Great War
55%
"In silent screams
In wildest dreams
I never dreamed of this"
This Love
53%
"And all the pieces fall
Right into place
Getting caught up in a moment"
So It Goes
51%
"oh, through an avalanche?
And say, say that we got it"
Dancing With Our Hands Tied
48%
"Echoes of you name
inside my mind
Halo hiding
my obsession"
Don't Blame Me
45%
"Drinking on a beach
with you all over me
I know what they all say"
End Game
40%

Score Distribution

Percentile by Number Answered

Percent of People with Each Score

Your Score History

You have not taken this quiz